LEADER 01226nam 2200337Ia 450 001 996384093203316 005 20221108102359.0 035 $a(CKB)1000000000585939 035 $a(EEBO)2248541504 035 $a(OCoLC)13040756 035 $a(EXLCZ)991000000000585939 100 $a19860121d1641 uy | 101 0 $aeng 135 $aurbn||||a|bb| 200 12$aA letter sent from the Earle of Strafford to his lady in Ireland, a little before his death, May 11, 1641$b[electronic resource] $etogether with a speech of Mr. Plydell Esqvire concerning the church, Feb. 8, 1641 210 $a[London? $cs.n.]$d1641 215 $a[8] p 300 $aReproduction of original in Thomason Collection, British Library. 330 $aeebo-0158 606 $aChurch and state$zEngland 615 0$aChurch and state 700 $aStrafford$b Thomas Wentworth$cEarl of,$f1593-1641.$01001354 701 $aPleydell$b William$fb. 1601 or 2.$01001096 801 0$bEAA 801 1$bEAA 801 2$bm/c 801 2$bWaOLN 906 $aBOOK 912 $a996384093203316 996 $aA letter sent from the Earle of Strafford to his lady in Ireland, a little before his death: May 11. 1641$92352628 997 $aUNISA LEADER 01975nam2 2200421 i 450 001 MIL0636190 005 20231121125551.0 010 $a8802059861 020 $aIT$b2005-4577 100 $a20151022d2004 ||||0itac50 ba 101 | $alat$aita 102 $ait 181 1$6z01$ai $bxxxe 182 1$6z01$an 200 1 $a˜2: œLibri 12.-20.$fdi Isidoro di Siviglia 210 $aTorino$cUnione tipografico-editrice torinese$d[2004] 215 $a890 p., [4] c. di tav.$cill.$d24 cm 300 $aIn appendice: Fonti e analogie 300 $aTrad. italiana a fronte. 461 1$1001RAV1185147$12001 $aEtimologie, o Origini$fdi Isidoro di Siviglia$ga cura di Angelo Valastro Canale$v2 700 0$aIsidorus : Hispalensis$c $3CFIV084639$4070$0714440 790 0$aIsidoro : di Siviglia$c $3CFIV051610$zIsidorus : Hispalensis 790 0$aIsidorus Hispalensis$c $3CFIV055797$zIsidorus : Hispalensis 790 0$aIsidoro di Siviglia$3GMPV002431$zIsidorus : Hispalensis 790 0$aIsidoro$c $3GMPV002432$zIsidorus : Hispalensis 790 1$aIsidore$b, of Seville$c $3GMPV002433$zIsidorus : Hispalensis 790 0$aIsidoro$c $3GMPV002434$zIsidorus : Hispalensis 790 0$aHisidorus$c $3GMPV002435$zIsidorus : Hispalensis 790 0$aIsidoro$c $3MILV127253$zIsidorus : Hispalensis 790 0$aIsidoro : de Sevilla$3PUVV164390$zIsidorus : Hispalensis 801 3$aIT$bIT-01$c20151022 850 $aIT-FR0017 899 $aBiblioteca umanistica Giorgio Aprea$bFR0017 $eN 912 $aMIL0636190 950 2$aBiblioteca umanistica Giorgio Aprea$d 52S.L. 870 UTET Isi.2$e 52FLS0000284015 VMB RS $fC $h20151022$i20151022 977 $a 52 996 $aLibri 12-20$91705133 997 $aUNICAS